| 000 | 01030cam a22003135a 4500 | ||
|---|---|---|---|
| 001 | 10929580 | ||
| 005 | 20150812105420.0 | ||
| 008 | 140901t2014 waua fr 001 0 eng d | ||
| 020 | _a0735679428 | ||
| 020 | _a9780735679429 | ||
| 040 |
_aWaSeSS _beng _cWaSeSS _dEG-ScBUE |
||
| 082 | 0 | 4 |
_a005.756 _bLOB _222 |
| 100 | 1 |
_aLobel, Leonard. _938303 |
|
| 245 | 1 | 0 |
_aMicrosoft Azure SQL database : _bstep by step / _cLeonard G. Lobel, Eric D. Boyd. |
| 260 |
_aRedmond, Washington : _bMicrosoft Press / Microsoft Corporation , _cc.2014. |
||
| 300 |
_axxv, 370 p. : _bill. ; _c23 cm. |
||
| 490 | 0 | _aStep by Step Developer | |
| 500 | _aIndex : p. 357-370. | ||
| 521 | _aIntermediate. | ||
| 630 | 0 | _a Microsoft Azure SQL Database | |
| 650 | 0 |
_aOnline databases. _2BUEsh |
|
| 650 | 0 |
_aCloud computing. _2BUEsh _937309 |
|
| 650 | 0 |
_aSQL (Computer program language) _2BUEsh |
|
| 651 | _2BUEsh | ||
| 653 |
_bCOMSCI _cJune2015 _cAugust2015 |
||
| 655 |
_vreading book _934232 |
||
| 700 | 1 | _aBoyd, Eric. | |
| 942 |
_2ddc _k005.756 LOB |
||
| 999 |
_c19692 _d19664 |
||